[Event "Teteven op 23rd"]
[Site "Teteven"]
[Date "2008.08.22"]
[Round "9"]
[White "Krastev, Vasil"]
[Black "Georgiev, Steljan"]
[Result "0-1"]
[WhiteElo "1915"]
[BlackElo "2121"]
[PlyCount "70"]
[EventDate "2008.08.16"]
[EventType "swiss"]
[EventRounds "9"]
[EventCountry "BUL"]
[SourceTitle "CBM 126 Extra"]
[Source "ChessBase"]
[SourceDate "2008.11.05"]
[SourceVersion "1"]
[SourceVersionDate "2008.11.05"]
[SourceQuality "1"]

1. d4 e5 2. dxe5 Nc6 3. Nf3 h6 4. g3 g5 5. h3 Bg7 6. Bd2 Nxe5 7. Nxe5 Bxe5 8. Bc3 Qe7 9. Bg2 d6 10. Bxe5 dxe5 11. Nc3 Nf6 12. Qd3 c6 13. Qc4 Be6 14. Bxc6+ Kf8 15. Bd5 Rc8 16. Qd3 Rxc3 17. Qxc3 Bxd5 18. 0-0 Kg7 19. Qe3 Qe6 20. Kh2 Rc8 21. c3 Bc6 22. f3 Bd7 23. g4 b6 24. Rad1 Bc6 25. Rd2 Nd5 26. Qf2 h5 27. Rg1 Rh8 28. e3 e4 29. c4 Nf6 30. Qg3 exf3 31. gxh5 Rxh5 32. Rd6 Qxc4 33. Qe5 Qc2+ 34. Kg3 Rxh3+ 35. Kxh3 Qh7+ 0-1

[Event "Vidin m"]
[Site "Vidin"]
[Date "2007.09.02"]
[Round "1.1"]
[White "Andreev, Sasho"]
[Black "Krastev, Vasil"]
[Result "1-0"]
[WhiteElo "1945"]
[BlackElo "1923"]
[PlyCount "95"]
[EventDate "2007.09.02"]
[EventType "match"]
[EventRounds "6"]
[EventCountry "BUL"]
[SourceTitle "CBM 120 Extra"]
[Source "ChessBase"]
[SourceDate "2007.11.01"]
[SourceVersion "1"]
[SourceVersionDate "2007.11.01"]
[SourceQuality "1"]

1. e4 c6 2. d4 d5 3. exd5 cxd5 4. c3 Nf6 5. Nf3 Nc6 6. Bd3 Bg4 7. Qb3 Qc8 8. Nbd2 e6 9. Ne5 Nxe5 10. dxe5 Nd7 11. Qa4 Bh5 12. Qh4 Bg6 13. Bxg6 fxg6 14. 0-0 Be7 15. Qg3 0-0 16. Re1 Nc5 17. Nf3 Nd3 18. Rd1 Qc4 19. Be3 Nxb2 20. Rdb1 Na4 21. Rxb7 Nxc3 22. Qh3 Ne2+ 23. Kh1 d4 24. Rxe7 dxe3 25. fxe3 Rf5 26. Re1 Qc5 27. Rxe6 Qxe3 28. Ng1 Qd4 29. Qb3 Kh8 30. Rxe2 Rf1 31. Qe3 Qa1 32. h3 Qd1 33. Rb2 Re1 34. Qc5 Qa1 35. Rd2 Qb1 36. Kh2 Qf5 37. Qf2 Qb1 38. Qd4 Rf8 39. Re7 Re4 40. Qd3 Qb4 41. Nf3 Ref4 42. Qd6 Qe4 43. Rd4 Qe3 44. Rxf4 Qxf4+ 45. Kh1 Qc1+ 46. Ng1 h6 47. e6 Rf1 48. Qd4 1-0